Study into transport and poverty links (Record no. 67828)

MARC details
000 -LEADER
fixed length control field 00814cam a2200205 4500
001 - CONTROL NUMBER
control field WB3730-43
008 - FIXED-LENGTH DATA ELEMENTS--GENERAL INFORMATION
fixed length control field 010731n2001 000 0 eng u
035 ## - SYSTEM CONTROL NUMBER
System control number (Sirsi) u113849
245 ## - TITLE STATEMENT
Title Study into transport and poverty links
260 ## - PUBLICATION, DISTRIBUTION, ETC.
Date of publication, distribution, etc. 2001
490 ## - SERIES STATEMENT
Series statement Municipal Journal
Volume/sequential designation 27 July 2001, 4(1)
520 ## - SUMMARY, ETC.
Summary, etc. The Social Exclusion Unit has begun a consultation on transport, assessing how poor transport contributes to social exclusion by preventing access to jobs, education, health and public services. An action plan will be produced in 2001 identifying improvements to be made and ananlyse costs and benefits.
590 ## - LOCAL NOTE (RLIN)
Local note WB
650 ## - SUBJECT ADDED ENTRY--TOPICAL TERM
Topical term or geographic name entry element TRANSPORT ISSUES
650 ## - SUBJECT ADDED ENTRY--TOPICAL TERM
Topical term or geographic name entry element SOCIAL EXCLUSION
650 ## - SUBJECT ADDED ENTRY--TOPICAL TERM
Topical term or geographic name entry element PUBLIC ACCESS
650 ## - SUBJECT ADDED ENTRY--TOPICAL TERM
Topical term or geographic name entry element POVERTY
690 ## - LOCAL SUBJECT ADDED ENTRY--TOPICAL TERM (OCLC, RLIN)
Topical term or geographic name as entry element TRANSPORT AND COMMUNICATION
942 ## - ADDED ENTRY ELEMENTS (KOHA)
Suppress in OPAC 0
Holdings
Withdrawn status Lost status Source of classification or shelving scheme Damaged status Not for loan Home library Current library Shelving location Date acquired Total Checkouts Full call number Barcode Date last seen Copy number Price effective from Koha item type
    Dewey Decimal Classification     London London News article 31/07/2001   WB3730-43 113849-1001 06/08/2019 1 06/08/2019 News article